书目信息 |
| 题名: |
常用药物知识
|
|
| 作者: | 谢惠民 主编 | |
| 分册: | ||
| 出版信息: | 北京 科学出版社 1980 |
|
| 页数: | 684页 | |
| 开本: | 19cm | |
| 丛书名: | ||
| 单 册: | ||
| 中图分类: | R91 | |
| 科图分类: | ||
| 主题词: | 药物学:基础理论 , 药物--基本知识 | |
| 电子资源: | ||
| ISBN: | ||
| 000 | 00659nam0 2200241 45 | |
| 001 | 0180008795 | |
| 005 | 20060803145504.20 | |
| 010 | @b精装@dCNY3.10 | |
| 091 | @a14031.23 | |
| 100 | @a19950704d1980 em y0chiy0121 ea | |
| 101 | 0 | @achi |
| 102 | @aCN@b110000 | |
| 105 | @ay z 000yy | |
| 200 | 10 | @a常用药物知识@Achang yong yao wu zhi shi@f谢惠民主编@Fxie hui min zhu bian |
| 210 | @a北京@c科学出版社@d1980 | |
| 215 | @a684页@d19cm | |
| 606 | 0 | @a药物学:基础理论 |
| 606 | @a药物@x基本知识 | |
| 690 | @aR91@v4 | |
| 701 | 0 | @a谢惠民@Axie hui min@4主编 |
| 801 | 0 | @aCN@b上海图书馆@c20060803 |
| 801 | 2 | @aCN@bNLC@c20060309 |
| 905 | @f1@b128129@dR91@e4 | |
| 常用药物知识/谢惠民主编.-北京:科学出版社,1980 |
| 684页;19cm |
| ISBN (精装):CNY3.10 |
| ● |
| 相关链接 |
|
|
|
|
正题名:常用药物知识
索取号:R91/4
 
预约/预借
| 序号 | 登录号 | 条形码 | 馆藏地/架位号 | 状态 | 备注 |
| 1 | 0128128 | 202190823 | 密集书库/ [索取号:R91/4] | 在馆 | |
| 2 | 0128129 | 001699031 | 第三借阅区/ [索取号:R91/4] | 在馆 | |
| 3 | 0439599 | 204395993 | 密集书库/ [索取号:R91/4] | 在馆 | |
| 4 | 0439600 | 204396000 | 密集书库/ [索取号:R91/4] | 在馆 | |
| 5 | 0439601 | 204396019 | 密集书库/ [索取号:R91/4] | 在馆 |